| 000 | 00945nam0a22003131 4500 | ||
|---|---|---|---|
| 001 | RU\NLR\A1SV\72435 | ||
| 005 | 20251203171251.9 | ||
| 035 | _a(NLR Aleph) 009753962 | ||
| 090 |
_a9991963 _c9991963 |
||
| 100 | _a20060913d1925 u y0rusy50 ca | ||
| 101 | 1 |
_arus _ceng |
|
| 102 | _aRU | ||
| 200 | 1 |
_aЗаложник _eРоман _fХолл Кэйн _gПер. с англ. Э.К.Бродерсен |
|
| 210 |
_aЛ. _cМысль _d1925 |
||
| 215 |
_a288 с. _d16 см |
||
| 300 | _aЗагл. ориг.: The Bondman | ||
| 620 | _dСанкт-Петербург | ||
| 700 | 1 |
_aКэйн _bХ. _f1853-1931 _gХолл |
|
| 702 | 1 |
_6z01790 _aБродерсен _bЕ.К. _f1879-1971 _gЕва Карловна |
|
| 790 | 1 |
_6z01702 _aБродерсен _bЭ.К. |
|
| 801 | 0 |
_aRU _bNLR _c20060913 |
|
| 899 |
_aРНБ _j68-2/922 |
||
| 899 | _aНГОУНБ | ||
| 899 | _aРГБ | ||
| 899 | _aLatNB | ||
| 942 | _cBOOK | ||
| 980 | _aNB | ||
| 980 | _aA1SV | ||